Principles Of Management (Record no. 96370)
[ view plain ]
| 000 -LEADER | |
|---|---|
| fixed length control field | 00529nam a2200229Ia 4500 |
| 005 - DATE AND TIME OF LATEST TRANSACTION | |
| control field | 20230317173806.0 |
| 008 - FIXED-LENGTH DATA ELEMENTS--GENERAL INFORMATION | |
| fixed length control field | 230125s9999 xx 000 0 und d |
| 020 ## - INTERNATIONAL STANDARD BOOK NUMBER | |
| International Standard Book Number | 9789353502263 |
| 041 ## - LANGUAGE CODE | |
| Language code of text/sound track or separate title | eng |
| 082 ## - DEWEY DECIMAL CLASSIFICATION NUMBER | |
| Classification number | 658.001 |
| Item number | GAN |
| 100 ## - MAIN ENTRY--PERSONAL NAME | |
| Author | Ganguly A |
| 245 ## - TITLE STATEMENT | |
| Title | Principles Of Management |
| 250 ## - EDITION STATEMENT | |
| Edition statement | 1st Ed. |
| 260 ## - PUBLICATION, DISTRIBUTION, ETC. | |
| Date of publication, distribution, etc. | 2020 |
| Name of publisher, distributor, etc. | Cengage Learning |
| Place of publication, distribution, etc. | India |
| 300 ## - PHYSICAL DESCRIPTION | |
| Extent | 144p |
| 500 ## - GENERAL NOTE | |
| Keywords | PPM |
| 650 ## - SUBJECT ADDED ENTRY--TOPICAL TERM | |
| Topical term or geographic name entry element | PPM |
| 700 ## - ADDED ENTRY--PERSONAL NAME | |
| Personal name | Ganguly A & Bhadury J |
| 942 ## - ADDED ENTRY ELEMENTS (KOHA) | |
| Koha item type | Books |
| 906 ## - LOCAL DATA ELEMENT F, LDF (RLIN) | |
| b | 49 |
| Withdrawn status | Lost status | Damaged status | Not for loan | Home library | Current library | Date acquired | Vendor | Net Price | Bill number | Total Checkouts | Full call number | Barcode | Date last seen | Date last checked out | Actual Price | Bill Date | Koha item type | Original Barcode | Total Renewals |
|---|---|---|---|---|---|---|---|---|---|---|---|---|---|---|---|---|---|---|---|
| Smt. Hiraben Nanavati Institute of Management & Research for Women | Smt. Hiraben Nanavati Institute of Management & Research for Women | 28/02/2020 | Forward Books | 175.00 | 11225 | 1 | 658.001 GAN B20075 | HIMR-BK-20075 | 17/12/2025 | 06/12/2025 | 126.00 | 25/01/2023 | Books | B20075 | |||||
| Smt. Hiraben Nanavati Institute of Management & Research for Women | Smt. Hiraben Nanavati Institute of Management & Research for Women | 28/02/2020 | Forward Books | 175.00 | 11225 | 658.001 GAN B20076 | HIMR-BK-20076 | 25/01/2023 | 126.00 | 25/01/2023 | Books | B20076 | |||||||
| Smt. Hiraben Nanavati Institute of Management & Research for Women | Smt. Hiraben Nanavati Institute of Management & Research for Women | 08/03/2021 | Forward Books | 175.00 | 11358 | 658.001 GAN B20601 | HIMR-BK-20601 | 25/01/2023 | 131.25 | 05/03/2021 | Books | B20601 | |||||||
| Smt. Hiraben Nanavati Institute of Management & Research for Women | Smt. Hiraben Nanavati Institute of Management & Research for Women | 08/03/2021 | Forward Books | 175.00 | 11358 | 3 | 658.001 GAN B20602 | HIMR-BK-20602 | 10/01/2026 | 29/12/2025 | 131.25 | 05/03/2021 | Books | B20602 | 3 | ||||
| Smt. Hiraben Nanavati Institute of Management & Research for Women | Smt. Hiraben Nanavati Institute of Management & Research for Women | 08/03/2021 | Forward Books | 175.00 | 11358 | 658.001 GAN B20603 | HIMR-BK-20603 | 25/01/2023 | 131.25 | 05/03/2021 | Books | B20603 | |||||||
| Smt. Hiraben Nanavati Institute of Management & Research for Women | Smt. Hiraben Nanavati Institute of Management & Research for Women | 08/03/2021 | Forward Books | 175.00 | 11358 | 3 | 658.001 GAN B20604 | HIMR-BK-20604 | 10/01/2026 | 29/12/2025 | 131.25 | 05/03/2021 | Books | B20604 | 3 | ||||
| Smt. Hiraben Nanavati Institute of Management & Research for Women | Smt. Hiraben Nanavati Institute of Management & Research for Women | 08/03/2021 | Forward Books | 175.00 | 11358 | 658.001 GAN B20605 | HIMR-BK-20605 | 25/01/2023 | 131.25 | 05/03/2021 | Books | B20605 |